<?xml version="1.0" encoding="UTF-8"?>
<collection xmlns="http://www.loc.gov/MARC21/slim">
<record>
  <controlfield tag="001">7691</controlfield>
  <controlfield tag="005">20260105142302.0</controlfield>
  <datafield tag="037" ind1=" " ind2=" ">
    <subfield code="a">POSTER-2026-0009</subfield>
  </datafield>
  <datafield tag="100" ind1=" " ind2=" ">
    <subfield code="a">Talpeanu, Dana-Camelia </subfield>
  </datafield>
  <datafield tag="245" ind1=" " ind2=" ">
    <subfield code="a">Statistical study of prominence eruptions in the wide field of view of Solar Orbiter/EUI/FSI</subfield>
  </datafield>
  <datafield tag="260" ind1=" " ind2=" ">
    <subfield code="c">2025</subfield>
  </datafield>
  <datafield tag="269" ind1=" " ind2=" ">
    <subfield code="c">2025-02-17</subfield>
  </datafield>
  <datafield tag="520" ind1=" " ind2=" ">
    <subfield code="a">In this study we performed a statistical analysis of prominence eruptions recorded by the Extreme Ultraviolet Imager/Full Sun Imager (EUI/FSI) on board Solar Orbiter during the years 2021 and 2022. We start from the comprehensive list of eruptions available at https://www.sidc.be/EUI/solar-eruptions. From this, for a more detailed analysis of their kinematics, we selected events with available data and for which the observed projected height of the prominence exceeded 2 solar radii. The large field of view (up to 14 solar radii) allows FSI to observe solar eruptions from the solar disc up to heights never before observed in EUV passbands. This makes the instrument uniquely suited for tracing the early phases of eruptions through the middle corona. The large set of investigated events (230 prominences) offers a wide perspective on the inherent variability within these phenomena. This ongoing statistical analysis aims at deepening our knowledge on the various properties of these eruptions, such as speed, deflection and morphological features. Using observations taken by SDO/AIA, we can analyze their 3D characteristics and their interaction with neighbouring magnetic field structures. We present here this statistical study with an overview of the observed prominence eruptions and their properties.</subfield>
  </datafield>
  <datafield tag="594" ind1=" " ind2=" ">
    <subfield code="a">STCE</subfield>
  </datafield>
  <datafield tag="653" ind1="1" ind2=" ">
    <subfield code="a">EUI</subfield>
  </datafield>
  <datafield tag="653" ind1="1" ind2=" ">
    <subfield code="a">Solar Orbiter</subfield>
  </datafield>
  <datafield tag="653" ind1="1" ind2=" ">
    <subfield code="a">corona</subfield>
  </datafield>
  <datafield tag="653" ind1="1" ind2=" ">
    <subfield code="a">eruptions</subfield>
  </datafield>
  <datafield tag="700" ind1=" " ind2=" ">
    <subfield code="a">D'Huys, Elke </subfield>
  </datafield>
  <datafield tag="700" ind1=" " ind2=" ">
    <subfield code="a">Rodriguez, Luciano </subfield>
  </datafield>
  <datafield tag="700" ind1=" " ind2=" ">
    <subfield code="a">Mierla, Marilena </subfield>
  </datafield>
  <datafield tag="700" ind1=" " ind2=" ">
    <subfield code="a">Shukhobodskaia, Daria</subfield>
  </datafield>
  <datafield tag="700" ind1=" " ind2=" ">
    <subfield code="a">Dorsch, Brenda Daniela </subfield>
  </datafield>
  <datafield tag="700" ind1=" " ind2=" ">
    <subfield code="a">West, Matt </subfield>
  </datafield>
  <datafield tag="700" ind1=" " ind2=" ">
    <subfield code="a">Berghmans, David </subfield>
  </datafield>
  <datafield tag="700" ind1=" " ind2=" ">
    <subfield code="a">Zhukov, Andrei  N.</subfield>
  </datafield>
  <datafield tag="700" ind1=" " ind2=" ">
    <subfield code="a">Verbeeck, Cis</subfield>
  </datafield>
  <datafield tag="773" ind1=" " ind2=" ">
    <subfield code="t">SDO Workshop, Boulder/Colorado</subfield>
  </datafield>
  <datafield tag="856" ind1="0" ind2=" ">
    <subfield code="f">david.berghmans@ksb-orb.be</subfield>
  </datafield>
  <datafield tag="856" ind1="4" ind2="2">
    <subfield code="a">https://sdo2025.sdo-workshops.org/Abstract_Book_for_SDO_2025_V4.pdf</subfield>
  </datafield>
  <datafield tag="856" ind1="4" ind2="2">
    <subfield code="a">https://scholar.google.com/citations?view_op=view_citation&amp;hl=en&amp;user=4-Jv_RoAAAAJ&amp;cstart=20&amp;pagesize=80&amp;sortby=pubdate&amp;citation_for_view=4-Jv_RoAAAAJ:s9ia6_kGH2AC</subfield>
  </datafield>
  <datafield tag="980" ind1=" " ind2=" ">
    <subfield code="a">CPOSTER</subfield>
  </datafield>
</record>
</collection>